[Event "Xtracon Chess Open 2016"]
[Site "Elsinore"]
[Date "2016.07.25"]
[Round "4.23"]
[White "Carlstedt, Jonathan"]
[Black "Christiansen, Jens Jorgen"]
[Result "1-0"]
[WhiteElo "2457"]
[BlackElo "2170"]
[PlyCount "109"]
[EventDate "2016.07.23"]

1. d4 d5 2. c4 c6 3. Nc3 Nf6 4. Nf3 dxc4 5. a4 Bf5 6. Ne5 e6 7. Nxc4 Nbd7 8. f3
a5 9. e4 Bg6 10. Bg5 Qc7 11. Qd2 Nb6 12. Ne5 Bb4 13. Bd3 O-O 14. Nxg6 hxg6 15.
O-O e5 16. dxe5 Qxe5 17. Bf4 Qe6 18. Qe2 Bc5+ 19. Kh1 Rfd8 20. Rac1 Bd4 21. Bc7
Rd7 22. Bxb6 Bxb6 23. Bc4 Qe7 24. e5 Nd5 25. f4 Ne3 26. Rf3 Nxc4 27. Qxc4 Rd4
28. Qb3 Qb4 29. Na2 Qxb3 30. Rxb3 Ra6 31. Nc3 Rxf4 32. Nd5 Rxa4 33. Nxb6 Re4
34. Rd1 Rxe5 35. Rd8+ Kh7 36. g4 g5 37. Nd7 Re1+ 38. Kg2 Re2+ 39. Kg1 b5 40.
Nf8+ Kg8 41. Ne6+ Kh7 42. Nxg5+ Kg6 43. Nh3 Re4 44. Rd6+ f6 45. Nf2 Re1+ 46.
Kg2 a4 47. Rbd3 Re2 48. Rd2 Rxd2 49. Rxd2 a3 50. bxa3 Rxa3 51. Rc2 Ra6 52. Nd3
Kg5 53. h3 Ra3 54. Rc5+ Kh4 55. Rh5# 1-0

[Event "Xtracon Chess Open 2016"]
[Site "Elsinore"]
[Date "2016.07.25"]
[Round "4.24"]
[White "Walton, Alan J"]
[Black "Ochsner, Bjorn Moller"]
[Result "0-1"]
[WhiteElo "2201"]
[BlackElo "2417"]
[PlyCount "70"]
[EventDate "2016.07.23"]

1. d4 Nf6 2. Bg5 d5 3. e3 c6 4. Bxf6 exf6 5. c4 dxc4 6. Bxc4 Bd6 7. Nc3 O-O 8.
Nge2 f5 9. Qc2 Nd7 10. Bd3 g6 11. h4 Nf6 12. O-O-O b5 13. h5 Qe7 14. hxg6 fxg6
15. Rdg1 Ng4 16. Nd1 Bd7 17. Kb1 Rac8 18. Qd2 c5 19. f3 Nf6 20. dxc5 Bxc5 21.
Nf4 Rfd8 22. Bc2 Be6 23. Qf2 Bf7 24. g4 fxg4 25. fxg4 Bb4 26. g5 Ne4 27. Qh2
Nd2+ 28. Ka1 Be8 29. Nc3 Bxc3 30. bxc3 Qg7 31. Bb3+ Nxb3+ 32. axb3 Rxc3 33. Ka2
Bf7 34. Rb1 Rd6 35. Nd5 Rc2+ 0-1

[Event "Xtracon Chess Open 2016"]
[Site "Elsinore"]
[Date "2016.07.25"]
[Round "4.25"]
[White "Kristiansen, Jens"]
[Black "Rewitz, Poul"]
[Result "1/2-1/2"]
[WhiteElo "2410"]
[BlackElo "2202"]
[PlyCount "65"]
[EventDate "2016.07.23"]

1. d4 g6 2. e4 c6 3. c4 d5 4. e5 Nh6 5. Nc3 Bg7 6. h4 Bg4 7. f3 Be6 8. cxd5
Bxd5 9. Nge2 Nf5 10. h5 e6 11. Ne4 Bxe4 12. fxe4 Ne7 13. Nc3 Nd7 14. h6 Bf8 15.
Bg5 Qa5 16. Qf3 Nc8 17. Bc4 Be7 18. Bf6 Bxf6 19. exf6 O-O 20. O-O Ne5 21. Qe2
Nxc4 22. Qxc4 Nb6 23. Qb3 Qg5 24. Rf3 Rad8 25. Rd1 Rd7 26. e5 Qh4 27. Ne2 Rfd8
28. Rdf1 Qe4 29. R1f2 Qb1+ 30. Rf1 Qe4 31. R1f2 Qb1+ 32. Rf1 Qe4 33. R1f2
1/2-1/2

[Event "Xtracon Chess Open 2016"]
[Site "Elsinore"]
[Date "2016.07.25"]
[Round "4.26"]
[White "Johansen, Oivind"]
[Black "Percivaldi, Martin"]
[Result "0-1"]
[WhiteElo "2180"]
[BlackElo "2347"]
[PlyCount "100"]
[EventDate "2016.07.23"]

1. d4 Nf6 2. c4 e6 3. Nc3 Bb4 4. e3 O-O 5. Bd3 c5 6. Nge2 d5 7. a3 cxd4 8. exd4
dxc4 9. Bxc4 Be7 10. O-O Nc6 11. d5 Ne5 12. Ba2 exd5 13. Nxd5 Nxd5 14. Bxd5 Bg4
15. f3 Qb6+ 16. Kh1 Be6 17. Bxe6 Qxe6 18. Nf4 Qa6 19. Nd5 Bd6 20. Bf4 Rad8 21.
Qb3 Nc4 22. Bxd6 Rxd6 23. Rfd1 Rfd8 24. Ne7+ Kf8 25. Nf5 Qb5 26. Rxd6 Nxd6 27.
Qxb5 Nxb5 28. Kg1 Rd5 29. Ne3 Rd3 30. Nc4 Nd4 31. b4 b5 32. Ne5 Re3 33. Nd7+
Ke7 34. Nc5 Nc2 35. Ra2 Nxa3 36. Kf2 Rc3 37. Kg3 f5 38. Kf4 g6 39. Kg5 Kd6 40.
h4 Nc2 41. Rxa7 Nxb4 42. Nd7 Nc6 43. Rb7 Nd8 44. Rxb5 Kxd7 45. h5 Rc6 46. hxg6
hxg6 47. Rd5+ Ke7 48. Re5+ Kf7 49. g4 Ne6+ 50. Kh6 Rc1 0-1

[Event "Xtracon Chess Open 2016"]
[Site "Elsinore"]
[Date "2016.07.25"]
[Round "4.27"]
[White "Eriksson, Christian Altenburg"]
[Black "Aabling Thomsen, Jakob"]
[Result "0-1"]
[WhiteElo "2176"]
[BlackElo "2344"]
[PlyCount "78"]
[EventDate "2016.07.23"]

1. e4 d6 2. d4 Nf6 3. Nc3 g6 4. Nf3 Bg7 5. Be2 O-O 6. O-O e6 7. Re1 a6 8. a4 b6
9. h3 Bb7 10. Bf1 Nc6 11. Bg5 h6 12. Bh4 Ne7 13. Bd3 Nd7 14. Bg3 e5 15. dxe5
dxe5 16. Bc4 Nc8 17. Bd5 c6 18. Bc4 Qe7 19. Qe2 Nd6 20. Rad1 Nxc4 21. Qxc4 Rfd8
22. Qb3 b5 23. axb5 axb5 24. Rd2 Nb6 25. Rxd8+ Rxd8 26. Rd1 Nc4 27. Rxd8+ Qxd8
28. Qa2 f6 29. Qa7 Qa8 30. Qxa8+ Bxa8 31. b4 Bf8 32. Na2 c5 33. bxc5 Bxe4 34.
Ne1 Bxc5 35. Nc3 Bc6 36. Nd3 Bd6 37. Na2 Na3 38. Ne1 b4 39. Nc1 Ba4 0-1

[Event "Xtracon Chess Open 2016"]
[Site "Elsinore"]
[Date "2016.07.25"]
[Round "4.28"]
[White "Kramer, Julian"]
[Black "Machlik, Endre"]
[Result "1-0"]
[WhiteElo "2341"]
[BlackElo "2091"]
[PlyCount "93"]
[EventDate "2016.07.23"]

1. e4 c6 2. d4 d5 3. Nd2 dxe4 4. Nxe4 Bf5 5. Ng3 Bg6 6. Bc4 e6 7. N1e2 Bd6 8.
Nf4 Qc7 9. Ngh5 Bxh5 10. Nxh5 g6 11. Ng3 Nf6 12. c3 Nbd7 13. Bg5 h6 14. Bd2
O-O-O 15. Qe2 Rde8 16. O-O-O h5 17. Ne4 Nxe4 18. Qxe4 Nf6 19. Qf3 Nd5 20. h4
Rhf8 21. g3 Nb6 22. Bd3 e5 23. dxe5 Bxe5 24. Rhe1 f5 25. Bh6 Rh8 26. Bg5 Rhf8
27. Re2 Bd6 28. Rde1 Qd7 29. Kc2 Qf7 30. b3 Rxe2+ 31. Qxe2 Kd7 32. Rd1 Kc7 33.
Qd2 Qe6 34. Re1 Qf7 35. Qe3 Kd7 36. Qd4 Kc7 37. c4 c5 38. Qe3 Kd7 39. Qf3 Kc7
40. Qe3 Kd7 41. Bf1 Rg8 42. Qf3 Kc8 43. Bg2 Rf8 44. Be7 Bxe7 45. Qxb7+ Kd8 46.
Rd1+ Bd6 47. Rxd6+ 1-0

[Event "Xtracon Chess Open 2016"]
[Site "Elsinore"]
[Date "2016.07.25"]
[Round "4.29"]
[White "Christensen, Lasse"]
[Black "Wadsworth, Matthew J"]
[Result "1/2-1/2"]
[WhiteElo "2162"]
[BlackElo "2325"]
[PlyCount "64"]
[EventDate "2016.07.23"]

1. f4 d5 2. Nf3 Nf6 3. e3 c5 4. d4 Nc6 5. Be2 e6 6. O-O Bd6 7. c3 Qb6 8. Kh1
Bd7 9. Ne5 Ne7 10. Nd2 O-O 11. Bd3 cxd4 12. Nxd7 Nxd7 13. exd4 Qc7 14. Nf3 Nf6
15. Qe2 Bxf4 16. Bxf4 Qxf4 17. Ne5 Qh6 18. Rf3 Ng6 19. Raf1 Nh5 20. Bxg6 hxg6
21. g4 Nf6 22. Qg2 Ne4 23. Rxf7 Rxf7 24. Nxf7 Qe3 25. Rf3 Qe1+ 26. Rf1 Qe3 27.
Rf3 Qe1+ 28. Rf1 Qh4 29. Ne5 Qg5 30. Nf7 Qd2 31. Ne5 Qg5 32. Nf7 Qd2 1/2-1/2

[Event "Xtracon Chess Open 2016"]
[Site "Elsinore"]
[Date "2016.07.25"]
[Round "4.30"]
[White "Skovgaard, Ib"]
[Black "Merkesvik, Sondre"]
[Result "1-0"]
[WhiteElo "1972"]
[BlackElo "2263"]
[PlyCount "69"]
[EventDate "2016.07.23"]

1. e4 Nf6 2. e5 Nd5 3. d4 d6 4. Nf3 Nc6 5. c4 Nb6 6. e6 fxe6 7. Be3 g6 8. h4
Bg7 9. h5 e5 10. d5 Nd4 11. Nxd4 exd4 12. Bxd4 e5 13. Be3 Qe7 14. Nc3 Bd7 15.
a4 e4 16. a5 Nc8 17. hxg6 hxg6 18. Rxh8+ Bxh8 19. Qb3 Rb8 20. Qc2 Bf5 21. Be2
g5 22. Bh5+ Kd7 23. g4 Bh7 24. O-O-O c5 25. Rh1 a6 26. Qa4+ Kc7 27. Qe8 Bf6 28.
Bf7 Qxe8 29. Bxe8 Bg8 30. Nxe4 Be5 31. Bxg5 b6 32. f4 Bd4 33. Nf6 Ne7 34. Nxg8
Nxg8 35. Rh7+ 1-0

[Event "Xtracon Chess Open 2016"]
[Site "Elsinore"]
[Date "2016.07.25"]
[Round "4.31"]
[White "Degraeve, Jean-Marc"]
[Black "Machlik, Edit"]
[Result "1-0"]
[WhiteElo "2579"]
[BlackElo "2090"]
[PlyCount "101"]
[EventDate "2016.07.23"]

1. e4 c6 2. d4 d5 3. e5 Bf5 4. h4 h5 5. c4 e6 6. Nc3 Nd7 7. Nge2 dxc4 8. Ng3
Bd3 9. Bxd3 cxd3 10. Bg5 Qb6 11. Qxd3 c5 12. dxc5 Bxc5 13. O-O Nxe5 14. Qe2 Ng4
15. Nce4 N8f6 16. Nxc5 Qxc5 17. Rac1 Qb6 18. Rc3 Nd5 19. Rb3 Qa6 20. Qxa6 bxa6
21. Ra3 Ngf6 22. Rxa6 O-O 23. Rc1 Rfb8 24. b3 Rb7 25. Ra5 g6 26. f3 Kg7 27. Kf2
Rb4 28. Ne2 Rb7 29. Bd2 Rd8 30. Rc4 Nb6 31. Rc2 Nbd5 32. Rc4 Nb6 33. Rd4 Rxd4
34. Nxd4 Nbd5 35. Ke2 Ne8 36. Nc6 Nd6 37. Rxa7 Rb6 38. Ne5 Rb5 39. Rd7 Rb6 40.
a4 Nf6 41. Rd8 Nb7 42. Rb8 Rxb3 43. Kd1 Nc5 44. Rxb3 Nxb3 45. a5 Nxd2 46. Kxd2
Nd5 47. a6 Nc7 48. a7 f6 49. Nc4 Na8 50. Kd3 e5 51. Ke4 1-0

[Event "Xtracon Chess Open 2016"]
[Site "Elsinore"]
[Date "2016.07.25"]
[Round "4.32"]
[White "Leenhouts, Koen"]
[Black "Holleland, Sigve"]
[Result "1-0"]
[WhiteElo "2491"]
[BlackElo "2087"]
[PlyCount "47"]
[EventDate "2016.07.23"]

1. d4 Nf6 2. c4 e6 3. g3 d5 4. Nf3 dxc4 5. Bg2 Nbd7 6. O-O c5 7. Na3 Nb6 8.
Nxc4 Nxc4 9. Qa4+ Bd7 10. Qxc4 b5 11. Qc3 Bc6 12. dxc5 Ne4 13. Qc2 Nxc5 14. Rd1
Qc8 15. Be3 Be4 16. Qd2 Nd7 17. Rac1 Qb7 18. Qxd7+ Qxd7 19. Rxd7 Kxd7 20. Ne5+
Ke8 21. Bxe4 Rd8 22. Bc6+ Ke7 23. Bc5+ Kf6 24. Nd7+ 1-0

[Event "Xtracon Chess Open 2016"]
[Site "Elsinore"]
[Date "2016.07.25"]
[Round "4.33"]
[White "Risting, Eivind Olav"]
[Black "Johansen, Paul"]
[Result "0-1"]
[WhiteElo "2376"]
[BlackElo "2077"]
[PlyCount "110"]
[EventDate "2016.07.23"]

1. d4 d5 2. Bf4 e6 3. e3 Bd6 4. Bg3 Nf6 5. Nf3 Bxg3 6. hxg3 c5 7. c3 cxd4 8.
exd4 Nbd7 9. Bd3 Ne4 10. Nbd2 f5 11. g4 O-O 12. gxf5 exf5 13. Kf1 Ndf6 14. Ne5
Qb6 15. Qc2 Re8 16. Ndf3 Be6 17. Re1 Rac8 18. Kg1 g6 19. Qb3 Qc7 20. a4 Kg7 21.
Qb4 h6 22. Qb3 g5 23. Qc2 Qe7 24. Re2 Bf7 25. Nxf7 Qxf7 26. Ne5 Qc7 27. f3 Ng3
28. Bxf5 Nxe2+ 29. Qxe2 Nd7 30. f4 Nxe5 31. fxe5 Rcd8 32. Qh5 Qc6 33. g4 Rh8
34. Rh2 Qe8 35. Qh3 Qxa4 36. Rf2 Rdf8 37. Kg2 Qe8 38. Qf3 h5 39. Qxd5 Qc6 40.
Qxc6 bxc6 41. Re2 Rf7 42. Kg3 h4+ 43. Kf3 a5 44. c4 Rb7 45. d5 cxd5 46. cxd5
Rb3+ 47. Ke4 Rhb8 48. d6 Rxb2 49. Rxb2 Rxb2 50. e6 h3 51. d7 h2 52. d8=Q h1=Q+
53. Kd4 Rd2+ 54. Bd3 Rxd3+ 55. Kxd3 Qd1+ 0-1

[Event "Xtracon Chess Open 2016"]
[Site "Elsinore"]
[Date "2016.07.25"]
[Round "4.34"]
[White "Kistrup, Nicolai"]
[Black "Haubro, Martin"]
[Result "0-1"]
[WhiteElo "2089"]
[BlackElo "2370"]
[PlyCount "54"]
[EventDate "2016.07.23"]

1. d4 Nf6 2. Nf3 c5 3. d5 e6 4. Nc3 exd5 5. Nxd5 Nxd5 6. Qxd5 Nc6 7. c3 d6 8.
Ng5 Qf6 9. Ne4 Qg6 10. Bf4 Be6 11. Nxd6+ Bxd6 12. Qxd6 Qf5 13. Qd2 Rd8 14. Qc1
O-O 15. e3 Bd5 16. f3 Rfe8 17. Be2 Bc4 18. e4 Qe6 19. Bxc4 Qxc4 20. Kf2 f5 21.
Qf1 Qf7 22. exf5 Ne5 23. Bxe5 Rd2+ 24. Ke1 Qd5 25. f4 Rxg2 26. Qb5 Qd2+ 27. Kf1
Qf2# 0-1

[Event "Xtracon Chess Open 2016"]
[Site "Elsinore"]
[Date "2016.07.25"]
[Round "4.36"]
[White "Sowray, Peter J"]
[Black "Fossan, Andreas"]
[Result "1-0"]
[WhiteElo "2348"]
[BlackElo "2071"]
[PlyCount "67"]
[EventDate "2016.07.23"]

1. e4 c6 2. d4 d5 3. e5 c5 4. dxc5 Nc6 5. a3 a5 6. Nf3 e6 7. Be3 Nge7 8. c4
dxc4 9. Qxd8+ Kxd8 10. Nc3 Ng6 11. O-O-O+ Bd7 12. Na4 Rc8 13. Nb6 Rc7 14. Bxc4
Ke7 15. Rhe1 f6 16. Na8 Rc8 17. Rxd7+ Kxd7 18. Nb6+ Kc7 19. Nxc8 Kxc8 20. Bxe6+
Kc7 21. exf6 gxf6 22. Rd1 Nce5 23. Nxe5 Nxe5 24. Kc2 h5 25. b4 axb4 26. axb4
Bh6 27. Bxh6 Rxh6 28. Kc3 Rh7 29. b5 Re7 30. Rd6 Re8 31. Bf5 Ng4 32. b6+ Kb8
33. Bxg4 hxg4 34. Rxf6 1-0

[Event "Xtracon Chess Open 2016"]
[Site "Elsinore"]
[Date "2016.07.25"]
[Round "4.37"]
[White "Petersen, Tom Petri"]
[Black "Skjoldager, Mikael"]
[Result "1-0"]
[WhiteElo "2346"]
[BlackElo "2054"]
[PlyCount "89"]
[EventDate "2016.07.23"]

1. Nf3 Nf6 2. g3 b6 3. Bg2 Bb7 4. O-O e6 5. c4 c5 6. Nc3 Be7 7. b3 O-O 8. Bb2
d6 9. e3 a6 10. Rc1 Qd7 11. d4 cxd4 12. Nxd4 Bxg2 13. Kxg2 Nc6 14. Nxc6 Qxc6+
15. Qf3 Qxf3+ 16. Kxf3 Rfd8 17. Rfd1 Ra7 18. Rd2 Rad7 19. Rcd1 Kf8 20. Ke2 g6
21. e4 Ke8 22. f3 Rb7 23. Ba3 Rbd7 24. Na4 b5 25. cxb5 axb5 26. Nc3 Ra7 27.
Bxd6 Bxd6 28. Nxb5 Ra6 29. a4 Ke7 30. Nxd6 Raxd6 31. Rxd6 Rxd6 32. e5 Rb6 33.
exf6+ Kxf6 34. Rd3 Ra6 35. Kd2 h5 36. h4 Ke5 37. Kc3 f5 38. Rd4 Kf6 39. f4 e5
40. fxe5+ Kxe5 41. Rc4 Kd5 42. Kd3 Rb6 43. b4 g5 44. hxg5 Rg6 45. Rc5+ 1-0

[Event "Xtracon Chess Open 2016"]
[Site "Elsinore"]
[Date "2016.07.25"]
[Round "4.38"]
[White "Nielsen, Jorgen Lovgren"]
[Black "McPhillips, Joseph"]
[Result "1/2-1/2"]
[WhiteElo "2085"]
[BlackElo "2341"]
[PlyCount "118"]
[EventDate "2016.07.23"]

1. e4 e6 2. d4 d5 3. Nd2 Nf6 4. e5 Nfd7 5. Bd3 c5 6. c3 Nc6 7. Ne2 cxd4 8. cxd4
f6 9. exf6 Nxf6 10. O-O Bd6 11. Nf3 Qc7 12. Nc3 a6 13. Bg5 O-O 14. Rc1 Bd7 15.
a3 Be8 16. Qe1 Bf7 17. b4 Ng4 18. h3 Nh2 19. Nxh2 Bxh2+ 20. Kh1 Bf4 21. Bxf4
Qxf4 22. Ne2 Qh4 23. f4 Qf6 24. Qd2 Bh5 25. Ng3 Bg6 26. Bxg6 Qxg6 27. Qe3 Nxd4
28. Qxd4 Qxg3 29. f5 Qd6 30. fxe6 Rxf1+ 31. Rxf1 Qxe6 32. Rd1 Rd8 33. Rd3 Qf6
34. Qe3 h6 35. Rd4 Qd6 36. Qd2 Qe5 37. Qd1 Qg5 38. Qd3 Rc8 39. Qe2 Kh8 40. Kh2
Rc3 41. Qe8+ Kh7 42. Rg4 Qf6 43. a4 Qd6+ 44. Kg1 Rc1+ 45. Kf2 Qf6+ 46. Kg3 Rc7
47. Qe2 Rc3+ 48. Kh2 h5 49. Rg3 g6 50. Rxc3 Qxc3 51. Qe7+ Qg7 52. Qd6 Qf7 53.
b5 axb5 54. axb5 Kh6 55. b6 Kg5 56. Qe5+ Kh6 57. Qh8+ Qh7 58. Qd8 Qf7 59. Qh8+
Qh7 1/2-1/2

[Event "Xtracon Chess Open 2016"]
[Site "Elsinore"]
[Date "2016.07.25"]
[Round "4.39"]
[White "Buchal, Stephan"]
[Black "Nielsen, Andre"]
[Result "1-0"]
[WhiteElo "2338"]
[BlackElo "2047"]
[PlyCount "89"]
[EventDate "2016.07.23"]

1. c4 e5 2. g3 Nf6 3. Bg2 d5 4. cxd5 Nxd5 5. Nc3 Nb6 6. d3 Nc6 7. Be3 Be7 8.
Bxc6+ bxc6 9. Nf3 f6 10. Qc2 Nd5 11. Nxd5 Qxd5 12. O-O O-O 13. Rfc1 Bd7 14. Qc4
Qxc4 15. Rxc4 Rfb8 16. Rc2 a5 17. Nd2 Rb5 18. Ne4 Rab8 19. b3 Kf7 20. Nc3 R5b7
21. Na4 Ke6 22. Bc5 Rb5 23. Bxe7 Kxe7 24. Rac1 Kd6 25. f3 f5 26. e3 Rf8 27. Nc5
Rb6 28. Kf2 Rf6 29. f4 exf4 30. gxf4 Rh6 31. Kg2 Be8 32. h3 Bh5 33. Na4 Ra6 34.
Nc5 Rb6 35. Na4 Ra6 36. Rc5 Re6 37. Kf2 Bg6 38. R1c4 Ke7 39. Nc3 Rd6 40. d4 Bf7
41. Ra4 Rh6 42. Rxf5 Rxh3 43. Re5+ Kd7 44. Ne4 Ra7 45. Ng5 1-0

[Event "Xtracon Chess Open 2016"]
[Site "Elsinore"]
[Date "2016.07.25"]
[Round "4.40"]
[White "Flick, Antoine"]
[Black "Svane, Frederik"]
[Result "0-1"]
[WhiteElo "2318"]
[BlackElo "2044"]
[PlyCount "126"]
[EventDate "2016.07.23"]

1. d4 Nf6 2. Nf3 d5 3. c4 c6 4. Nc3 e6 5. cxd5 exd5 6. Qc2 Be7 7. Bf4 g6 8. e3
Bf5 9. Bd3 Bxd3 10. Qxd3 Nbd7 11. h3 O-O 12. O-O Re8 13. Bh2 Bf8 14. Rab1 a5
15. Rbd1 Ne4 16. Qc2 f5 17. Ne2 g5 18. Ne5 Ndf6 19. f3 Nd6 20. Nc1 Qc7 21. Ncd3
Qg7 22. Kh1 h5 23. Qe2 h4 24. Qf2 Nh5 25. Rfe1 Nf7 26. Nxf7 Qxf7 27. Ne5 Qf6
28. Qc2 Bb4 29. Re2 Bd6 30. Kg1 Ng3 31. Bxg3 hxg3 32. Nd3 Re7 33. Kf1 Rae8 34.
Qc1 Qh6 35. Ke1 f4 36. Kd2 Rxe3 37. Rde1 Rxe2+ 38. Rxe2 Rxe2+ 39. Kxe2 Qf6 40.
Qg1 b6 41. Kd2 c5 42. Qe1 Kf7 43. dxc5 bxc5 44. Kc1 Qd4 45. Qc3 Qe3+ 46. Kc2 c4
47. Nc1 Qf2+ 48. Qd2 Bb4 49. Qe2 d4 50. Kb1 d3 51. Qd1 Qxg2 52. Nxd3 cxd3 53.
Qxd3 Qg1+ 54. Kc2 Qc5+ 55. Kb1 Kg7 56. Qd7+ Qe7 57. Qd4+ Qf6 58. Qd7+ Be7 59.
Qd2 Qf5+ 60. Ka1 Qe5 61. Kb1 a4 62. a3 Bf6 63. Qd7+ Kg6 0-1

[Event "Xtracon Chess Open 2016"]
[Site "Elsinore"]
[Date "2016.07.25"]
[Round "4.41"]
[White "Molgaard, Steen"]
[Black "Haug, Johannes"]
[Result "0-1"]
[WhiteElo "2078"]
[BlackElo "2318"]
[PlyCount "56"]
[EventDate "2016.07.23"]

1. c4 e5 2. Nc3 Bb4 3. g3 Bxc3 4. bxc3 d6 5. Bg2 Ne7 6. Nf3 O-O 7. O-O Nbc6 8.
d3 h6 9. Rb1 b6 10. Ne1 Be6 11. Nc2 Qd7 12. Nb4 Bh3 13. Nxc6 Nxc6 14. Qa4 Bxg2
15. Kxg2 f5 16. f4 Rae8 17. Rf2 e4 18. d4 Re7 19. Be3 Na5 20. Qxd7 Rxd7 21. Rb4
c5 22. Ra4 Nxc4 23. Rxc4 b5 24. Rxc5 dxc5 25. dxc5 Rd1 26. Bd4 Rd2 27. e3 Rxf2+
28. Kxf2 Rc8 0-1

[Event "Xtracon Chess Open 2016"]
[Site "Elsinore"]
[Date "2016.07.25"]
[Round "4.42"]
[White "Stray, Gunnar"]
[Black "Matthiesen, Martin"]
[[Result "0-1"]
[WhiteElo "2074"]
[BlackElo "2316"]
[PlyCount "106"]
[EventDate "2016.07.23"]

1. d4 Nf6 2. Nf3 c5 3. d5 b5 4. c4 bxc4 5. Nc3 g6 6. Nd2 d6 7. g3 Bg7 8. Bg2
O-O 9. O-O Nbd7 10. Nxc4 Ng4 11. Bd2 Nge5 12. Ne3 Nb6 13. b3 a5 14. f4 Ng4 15.
Nxg4 Bxg4 16. h3 Bc8 17. Rb1 Ba6 18. Re1 Qc7 19. Qc1 c4 20. Kh2 cxb3 21. axb3
Rfc8 22. Na4 Nxa4 23. bxa4 Qc2 24. Qd1 Qxd1 25. Rbxd1 Bc3 26. e4 Rab8 27. e5
Rb2 28. Bxc3 Rxc3 29. Rc1 Ra3 30. Ra1 Rxa1 31. Rxa1 Bc4 32. Kg1 Kf8 33. exd6
exd6 34. Rd1 Rb4 35. Ra1 Bb3 36. Ra3 Ke7 37. Kf2 h5 38. h4 f5 39. Ke3 Bxa4 40.
Bf3 Rb3+ 41. Rxb3 Bxb3 42. Kd4 Ba4 43. Be2 Kd7 44. Bc4 Kc7 45. Ba2 Kb6 46. Bc4
Bd1 47. Bd3 Bf3 48. Kc4 a4 49. Bb1 Ka5 50. Ba2 Be2+ 51. Kc3 Kb5 52. Kd4 Kb4 53.
Bb1 Bc4 0-1

[Event "Xtracon Chess Open 2016"]
[Site "Elsinore"]
[Date "2016.07.25"]
[Round "4.43"]
[White "Kovachev, Daniel Jacobsen"]
[Black "Meurman, Arne"]
[Result "1-0"]
[WhiteElo "2315"]
[BlackElo "2035"]
[PlyCount "81"]
[EventDate "2016.07.23"]

1. e4 c5 2. Nf3 e6 3. d4 cxd4 4. Nxd4 a6 5. c4 Nf6 6. Nc3 Bb4 7. Qd3 Qc7 8. Be2
b6 9. O-O Bb7 10. f3 O-O 11. Be3 Be7 12. Rfc1 d6 13. b4 Nbd7 14. Nb3 Rac8 15.
Na4 Bc6 16. Nb2 Qb8 17. Qd2 Ne5 18. a3 Nfd7 19. Rab1 Qa8 20. Nd4 Bb7 21. Nd1 d5
22. cxd5 exd5 23. Nf5 Bf6 24. Rxc8 Rxc8 25. Nd6 Rd8 26. Nxb7 Qxb7 27. Qxd5 Qxd5
28. exd5 b5 29. Rc1 g5 30. Nf2 h6 31. Ne4 Be7 32. d6 Bf8 33. g4 Kg7 34. Bd4 Kg6
35. Kg2 f5 36. Nc5 Bxd6 37. Nb7 Be7 38. Nxd8 Bxd8 39. Rc8 Bf6 40. Ra8 Nxf3 41.
Bxf3 1-0

[Event "Xtracon Chess Open 2016"]
[Site "Elsinore"]
[Date "2016.07.25"]
[Round "4.44"]
[White "Roder, Peter"]
[Black "Fossan, Petter"]
[Result "0-1"]
[WhiteElo "2056"]
[BlackElo "2303"]
[PlyCount "104"]
[EventDate "2016.07.23"]

1. e4 c6 2. d4 d5 3. Nc3 dxe4 4. Nxe4 Bf5 5. Ng3 Bg6 6. Nf3 Nd7 7. h4 h6 8. h5
Bh7 9. Bd3 Bxd3 10. Qxd3 e6 11. Bd2 Ngf6 12. O-O-O Be7 13. Kb1 O-O 14. Ne4 Nxe4
15. Qxe4 Nf6 16. Qd3 c5 17. Be3 Qc7 18. dxc5 Rfc8 19. Qe2 Bxc5 20. Bxc5 Qxc5
21. Ne5 Rd8 22. Nd3 Qb5 23. g4 Rd4 24. f3 Rad8 25. Rhg1 Nd5 26. Kc1 Nb4 27. Kb1
Nxd3 28. cxd3 Rxd3 29. Rxd3 Qxd3+ 30. Qxd3 Rxd3 31. Rf1 Kf8 32. Kc2 Rd5 33. Kc3
Ke7 34. f4 a5 35. Kc4 b5+ 36. Kc3 Kd6 37. Rf2 f6 38. b3 Kc5 39. a3 b4+ 40.
axb4+ axb4+ 41. Kc2 Kd4 42. Re2 Rc5+ 43. Kd2 e5 44. fxe5 fxe5 45. Rf2 Rc7 46.
Rf8 Ra7 47. Rd8+ Ke4 48. Rb8 Ra2+ 49. Ke1 Ke3 50. Kf1 e4 51. Rxb4 Kf3 52. Ra4
Rb2 0-1

[Event "Xtracon Chess Open 2016"]
[Site "Elsinore"]
[Date "2016.07.25"]
[Round "4.45"]
[White "Rostgaard, Tobias Valentin"]
[Black "Weber, Samuel"]
[Result "1-0"]
[WhiteElo "2287"]
[BlackElo "2031"]
[PlyCount "83"]
[EventDate "2016.07.23"]


1. d4 d5 2. c4 e6 3. Nc3 c5 4. cxd5 exd5 5. Nf3 Nc6 6. g3 Nf6 7. Bg2 Be7 8. O-O
O-O 9. dxc5 Bxc5 10. a3 a6 11. b4 Ba7 12. Bg5 d4 13. Ne4 Bf5 14. Bxf6 gxf6 15.
Nh4 Be6 16. Qd2 f5 17. Qh6 f6 18. Nc5 Bxc5 19. bxc5 Qe7 20. Rab1 Rab8 21. Rfc1
Ne5 22. Qf4 d3 23. Nxf5 Qd7 24. Nd4 Bc4 25. Rxc4 Nxc4 26. exd3 Ne5 27. Nf5 Qxd3
28. Be4 Qd7 29. Nd6 b6 30. Qh6 Ng4 31. c6 Qc7 32. Qh3 Ne5 33. Qe6+ Kh8 34. f4
Ng6 35. Qd7 Qxd7 36. cxd7 Rfd8 37. Nf7+ Kg7 38. Nxd8 Rxd8 39. Bf5 Nf8 40. Rxb6
Kf7 41. Rxa6 Nxd7 42. Ra7 1-0

[Event "Xtracon Chess Open 2016"]
[Site "Elsinore"]
[Date "2016.07.25"]
[Round "4.46"]
[White "Brondum, Eric"]
[Black "Haldorsen, Benjamin"]
[Result "0-1"]
[WhiteElo "2068"]
[BlackElo "2283"]
[PlyCount "78"]
[EventDate "2016.07.23"]

1. d4 Nf6 2. Bg5 b6 3. Nc3 Bb7 4. Nf3 g6 5. Qd2 h5 6. d5 Bg7 7. e4 d6 8. Bb5+
Nfd7 9. O-O a6 10. Be2 b5 11. a3 c5 12. Rfe1 Nb6 13. Rab1 N8d7 14. b3 Rc8 15.
Nd1 c4 16. b4 c3 17. Qc1 Nc4 18. Ne3 Nd2 19. Nxd2 cxd2 20. Qxd2 Bc3 21. Qd1
Bxe1 22. Qxe1 f6 23. Bh4 g5 24. Qd1 gxh4 25. Bxh5+ Kf8 26. Nf5 Rc4 27. Qg4 Rg8
28. Qxh4 Bxd5 29. Be2 Ne5 30. Qh6+ Ke8 31. exd5 Rxc2 32. Nd4 Qc8 33. Nxc2 Qxc2
34. Re1 Qb3 35. Qh7 Qxd5 36. g3 Kd8 37. f4 Ng6 38. Bf3 Qd4+ 39. Kh1 Rh8 0-1

[Event "Xtracon Chess Open 2016"]
[Site "Elsinore"]
[Date "2016.07.25"]
[Round "4.47"]
[White "Veng, Johnny"]
[Black "Pallesen, Jacob"]
[Result "1/2-1/2"]
[WhiteElo "2280"]
[BlackElo "2026"]
[PlyCount "99"]
[EventDate "2016.07.23"]

1. Nf3 c5 2. g3 Nf6 3. Bg2 g6 4. O-O Bg7 5. c4 Nc6 6. Nc3 O-O 7. d4 cxd4 8.
Nxd4 Nxd4 9. Qxd4 d6 10. Qd3 Rb8 11. Rd1 Bd7 12. e4 Bc6 13. Qe2 Nd7 14. Be3 Qa5
15. Rac1 Nc5 16. Bd2 Qb6 17. Rb1 Na4 18. Nxa4 Bxa4 19. b3 Bc6 20. Be3 Qa6 21.
a4 b6 22. Rd3 Qb7 23. Bd2 f5 24. Re1 a6 25. Bf3 fxe4 26. Bxe4 Bxe4 27. Qxe4
Qxe4 28. Rxe4 Bf6 29. g4 Rf7 30. Be3 Bb2 31. Bd2 a5 32. Rd5 Ba3 33. Rb5 Bc5 34.
Be3 Bxe3 35. Rxe3 Kf8 36. Kg2 Rf4 37. Rf3 Rxf3 38. Kxf3 Ke8 39. h4 Kd7 40. Ke4
Kc6 41. Rg5 e5 42. f4 exf4 43. Kxf4 Rf8+ 44. Ke4 Re8+ 45. Kd4 Re1 46. h5 Re6
47. Rb5 Re1 48. Rg5 Re6 49. Rb5 Re1 50. Rg5 1/2-1/2

[Event "Xtracon Chess Open 2016"]
[Site "Elsinore"]
[Date "2016.07.25"]
[Round "4.48"]
[White "Machlik, Monika"]
[Black "Larsen, Peter"]
[Result "0-1"]
[WhiteElo "2045"]
[BlackElo "2265"]
[PlyCount "86"]
[EventDate "2016.07.23"]

1. d4 Nf6 2. c4 g6 3. Nc3 d5 4. cxd5 Nxd5 5. Na4 Bg7 6. e4 Nb6 7. Be3 O-O 8.
Nf3 Bg4 9. Nc5 Nc6 10. Nxb7 Qb8 11. Ba6 e5 12. d5 Nb4 13. Nc5 N6xd5 14. Bb7
Nxe3 15. fxe3 Bxf3 16. gxf3 Rd8 17. Qb3 Bf8 18. Bxa8 Bxc5 19. Bd5 Nxd5 20. exd5
Qxb3 21. axb3 Bxe3 22. Ke2 Bd4 23. Rhd1 Rxd5 24. Rxa7 Rb5 25. Ra8+ Kg7 26. Rd3
c5 27. Rc8 Rb7 28. Kd1 Kh6 29. Kc2 Kg5 30. Rd1 Kf4 31. Rd3 f5 32. Rc6 Rb4 33.
Rc7 h5 34. Rc8 Rb6 35. Rc7 g5 36. Kc1 g4 37. fxg4 hxg4 38. Rd7 Rh6 39. b4 Ke4
40. Rd2 cxb4 41. Kc2 Be3 42. Re2 Kf3 43. Kd1 Ra6 0-1

[Event "Xtracon Chess Open 2016"]
[Site "Elsinore"]
[Date "2016.07.25"]
[Round "4.49"]
[White "Lercel, Michal"]
[Black "Slettebo, Jan"]
[Result "1/2-1/2"]
[WhiteElo "2265"]
[BlackElo "2022"]
[PlyCount "82"]
[EventDate "2016.07.23"]

1. Nf3 Nc6 2. d4 d5 3. c4 e5 4. cxd5 Qxd5 5. Nc3 Bb4 6. Bd2 Bxc3 7. Bxc3 e4 8.
Ne5 e3 9. f3 Nge7 10. g3 Be6 11. Bg2 O-O-O 12. O-O Nxd4 13. f4 Qc5 14. Nd3 Qc4
15. Rc1 Nxe2+ 16. Qxe2 Qxd3 17. Qxd3 Rxd3 18. Bxg7 Rg8 19. Be5 Rd7 20. Rfe1 Nf5
21. Be4 h5 22. Bxf5 Bxf5 23. Rxe3 c6 24. Bc3 Be6 25. Kf2 b6 26. a3 Kb7 27. Re5
Rd5 28. Rce1 Rgd8 29. Rxd5 Rxd5 30. Re5 Rxe5 31. Bxe5 c5 32. Ke3 Bf5 33. Kd2
Kc6 34. Kc3 a6 35. b4 Kd5 36. Bc7 b5 37. bxc5 Kxc5 38. Bd8 Kd5 39. Kb4 Bd3 40.
a4 bxa4 41. Kxa4 Ke4 1/2-1/2